• 首页
  • 本馆介绍
  • 公告通知
  • 最新文献
  • 馆藏检索
  • 电子资源
  • 读者导购
  • 参考咨询
  • 我的图书馆
  • 登录
  • 详细信息显示
  • 放入我的书架
  • 预约/预借图书
  • 作者相关作品
  • 分类相关作品
  • 丛书相关作品
  • 出版社相关作品

书目信息

  • 表格格式
  • 工作单格式
  • 卡片格式
题名:
华为28条军规
    
 
作者: 沈方楠 著
分册:  
出版信息: 北京   中国法制出版社  2016.08
页数: 331页
开本: 24cm
丛书名:
单 册:
中图分类: K825.38=76 , F632.765.3
科图分类:
主题词: 通信--邮电企业--企业管理--经验--深圳
电子资源:
ISBN: 978-7-5093-7662-1
000 01205nam0 2200313 450
001 002815471
005 20170920091047.10
010    @a978-7-5093-7662-1@dCNY48.00
039    @aA310000SHL@bUCS01002815471
100    @a20160912d2016 em y0chiy50 ea
101 0  @achi
102    @aCN@b110000
105    @ay z 000yb
106    @ar
200 1  @a华为28条军规@9hua wei 28 tiao jun gui@dThe 28 rules of Huawei@e任正非的管理哲学@f沈方楠著@zeng
205    @a2版
210    @a北京@c中国法制出版社@d2016.08
215    @a331页@d24cm
330    @a本书从企业文化、实干精神、入职教育、师徒传带、任人唯贤、自律宣言、成果导向、流程再造、拿来主义、领先半步、压强原则等28个方面,全面揭示了华为不断成长、壮大背后的管理真相。书中穿插介绍了一些著名企业家和管理学家的精彩语录,以及著名企业的经典商业故事。
333    @a企业管理人员
510 1  @a28 rules of Huawei@zeng
517 1  @a任正非的管理哲学@9ren zheng fei de guan li zhe xue
600  0 @a任正非@f(1944-)@x生平事迹
606 0  @a通信@x邮电企业@x企业管理@x经验@y深圳
690    @aK825.38=76@v5
690    @aF632.765.3@v5
701  0 @a沈方楠@9shen fang nan@4著
801  0 @aCN@b人天书店@c20160912
905    @b1076936-41@dK825.38=76@e1065=2@f6
    
    华为28条军规=The 28 rules of Huawei:任正非的管理哲学/沈方楠著.-2版.-北京:中国法制出版社,2016.08
    331页;24cm
    使用对象:企业管理人员
    
    ISBN 978-7-5093-7662-1:CNY48.00
    本书从企业文化、实干精神、入职教育、师徒传带、任人唯贤、自律宣言、成果导向、流程再造、拿来主义、领先半步、压强原则等28个方面,全面揭示了华为不断成长、壮大背后的管理真相。书中穿插介绍了一些著名企业家和管理学家的精彩语录,以及著名企业的经典商业故事。
●
相关链接 在E读中查询图书 在五车中查询图书 在当当中查询图书 在豆瓣中查询图书


正题名:华为28条军规     索取号:K825.38=76/1065=2         预约/预借

序号 登录号 条形码 馆藏地/架位号 状态 备注
1 1076936   210769364   第二样本阅览室/ [索取号:K825.38=76/1065=2] 在馆    
2 1076937   210769373   史法系资料室/ [索取号:K825.38=76/1065=2] 在馆    
3 1076938   210769382   第二借阅区/ [索取号:K825.38=76/1065=2] 在馆    
4 1076939   210769391   第二借阅区/ [索取号:K825.38=76/1065=2] 在馆    
5 1076940   210769408   第二借阅区/ [索取号:K825.38=76/1065=2] 在馆    
6 1076941   210769417   第二借阅区/ [索取号:K825.38=76/1065=2] 在馆    
唐山师范学院图书馆 欢迎您!
大连网信软件有限公司© 版权所有